000 00618nam a22002417a 4500
003 OSt
005 20180116183105.0
008 170728b xxu||||| |||| 00| 0 eng d
020 _a9789332518254
022 _a9789332518254
040 _c0
050 _a658.403028533
082 _a658.403028533
100 _aTurban,Efraim.
245 _aDecision Support and Business Intelligence Systems.
_cEfraim Turban.
250 _a9th.
260 _aIndia
_bPearson.
_c2015
300 _a672p.
500 _aPaper Cover
600 _aTurban,Efraim.
700 _aTurban,Efraim.
942 _2ddc
_cBK
_k658.403028533
999 _c352025
_d352025